Statistics for Daily Country Riddle #64

Click here to take the quiz!

General Stats

  • This quiz has been taken 98 times
  • The average score is 18 of 21

Answer Stats

TypeAnswer% Correct
Found LetterA
96%
Found LetterA
94%
Found LetterN
92%
Found LetterB
91%
Found LetterE
91%
Found LetterR
91%
Found LetterZ
91%
Correctly Placed LetterA
90%
Found LetterA
90%
Correctly Placed LetterN
90%
Found LetterI
88%
Correctly Placed LetterA
84%
Correctly Placed LetterI
84%
Found LetterJ
84%
Correctly Placed LetterA
81%
Mystery CountryAzerbaijan
81%
Correctly Placed LetterB
81%
Correctly Placed LetterE
81%
Correctly Placed LetterJ
81%
Correctly Placed LetterR
81%
Correctly Placed LetterZ
81%

Score Distribution

Percentile by Number Answered

Percent of People with Each Score

Your Score History

You have not taken this quiz